01172nam a2200289 4500001001300000003000400013005001700017008004100034010001700075025001900092040001800111050002200129082001400151111010700165245001200272260004600284300003200330350001000362500003500372500009600407500003700503505017900540650003900719650003900758710006800797999001700865sa 68015659 DLC20260227112645.0700408s1967 pk ab 100 0 eng  asa 68015659  aPL480:P-E-1501 aDLCcDLCdDLC00aS471.P16bS4 196500a630/.95492 aSeminar on Food Production and Consumption in Pakistan,cWest Pakistan Agricultural University,d1965.00aPapers. a[Lyallpur,bPrinted at WPAU Press,c1967] a2 v.billus., maps.c24 cm. a10.00 aAt head of title: Agriculture. a"Organised by the Faculty of Agriculture, West Pakistan Agricultural University, Lyallpur." aSections numbered consecutively.0 av. 1, section 1. Papers relating to food of plant origin.--v. 2, section 2. Papers relating to food of animal origin; section. 3. Papers relating to nutrition and technology. 0aAgriculturezPakistanxCongresses. 0aFood supplyzPakistanxCongresses.2 aWest Pakistan Agricultural University.bFaculty of Agriculture. c86593d86593